La cola de la iguana: El pueblo Malecu ante el desplazamiento de su lengua y su cultura tradicional
Guardado en:
| 主要作者: | |
|---|---|
| 格式: | 图书 |
| 语言: | Spanish |
| 出版: |
San José, Costa Rica
Editorial Universidad de Costa Rica
2015
|
| 主题: | |
| 标签: |
添加标签
没有标签, 成为第一个标记此记录!
|
MARC
| LEADER | 00000nam a22000007a 4500 | ||
|---|---|---|---|
| 008 | 180705b xxu||||| |||| 00| 0 spa d | ||
| 999 | |c 30548 |d 30548 | ||
| 040 | |a cru BVZT | ||
| 090 | |a 899 S-4c | ||
| 100 | |a Sánchez Avendaño, Carlos | ||
| 245 | |a La cola de la iguana: El pueblo Malecu ante el desplazamiento de su lengua y su cultura tradicional |c Carlos Sánchez Avendaño | ||
| 260 | |a San José, Costa Rica |b Editorial Universidad de Costa Rica |c 2015 | ||
| 300 | |a 493 páginas | ||
| 650 | |a LITERATURA INDÍGENA |9 171 | ||
| 650 | |a LA CULTURA TRADICIONAL MALECU | ||
| 650 | |a PUEBLO MALECU | ||
| 650 | |a IDENTIDAD ÉTNICA MALECU | ||
| 650 | 0 | |a COSTA RICA |9 24 | |
| 942 | |c SALA |h 899 S-4c |2 z | ||
